Víz előtti ház Fölsővároson

Elmentve itt :
Bibliográfiai részletek
Szerző: Knotik Márta
Dokumentumtípus: Cikk
Megjelent: 1993-03-13
Sorozat:Délmagyarország 83 No. 61
Kulcsszavak:Knotik Márta, Tésikné, műemlékek
Online Access:http://dmarchiv.bibl.u-szeged.hu/95952
LEADER 00486nab a2200157 i 4500
001 delm95952
005 20191008110520.0
008 191008s1993 hu o 0|| hun d
040 |a SZTE Délmagyarország Archívum  |b hun 
041 |a hun 
100 1 |a Knotik Márta, 
245 1 0 |a Víz előtti ház Fölsővároson  |h [elektronikus dokumentum] /  |c Tésikné Knotik Márta, 
260 |c 1993-03-13 
300 |a 10 
490 0 |a Délmagyarország  |v 83 No. 61 
695 |a Knotik Márta, Tésikné, műemlékek